| 000 | 00750nam a2200253Ia 4500 | ||
|---|---|---|---|
| 003 | OSt | ||
| 005 | 20220912145031.0 | ||
| 006 | a|||||r|||| 00| 0 | ||
| 007 | ta | ||
| 008 | 220909b |||||||| |||| 00| 0 eng d | ||
| 024 | _a68217 | ||
| 037 | _cTextual | ||
| 040 |
_aCSL _beng _cCSL |
||
| 041 | _aeng | ||
| 082 | _aD65,8(2:55)3, M3 | ||
| 100 | _aMcnichols Charles W | ||
| 245 | 0 | _aMircocomputer-based information and decision support systems for small businesses | |
| 260 |
_aReston _bPublication Company _c1983 |
||
| 300 |
_ax,198p. _ccm. |
||
| 650 | _aInformation engineering | ||
| 700 | _a Clark Thomas D | ||
| 942 |
_hD65,8(2:55)3, M3 _cTEXL _2CC |
||
| 999 |
_c21351 _d21351 |
||